People Born During the 21st Century - Sudden Death - Statistics

General Stats
  • This quiz has been taken 1,963 times
  • The average score is 5 of 18
Answers on the Grid
Answers color-coded by a green-red scale on the quiz's grid according to % correct below.
Billie Eilish
Bukayo Saka
Camila Cabello
Carlos Alcaraz
Chappell Roan
Charli D'Amelio
Doja Cat
Emma Chamberlain
Erling Haaland
Finn Wolfhard
Greta Thunberg
Ice Spice
Jenna Ortega
JoJo Siwa
Lamine Yamal
Lil Nas X
Luka Dončić
Luke Littler
Max Verstappen
Millie Bobby Brown
MrBeast
Olivia Rodrigo
Oscar Piastri
Robert Irwin
Sabrina Carpenter
Shawn Mendes
Timothée Chalamet
Willow Smith
XXXTentacion
Zendaya
 
Answer Stats
Answer % Correct
Billie Eilish
79%
Greta Thunberg
43%
Charli D'Amelio
35%
Bukayo Saka
33%
Millie Bobby Brown
33%
Jenna Ortega
32%
Lamine Yamal
32%
JoJo Siwa
30%
Olivia Rodrigo
29%
Carlos Alcaraz
28%
Finn Wolfhard
26%
Erling Haaland
21%
Willow Smith
19%
Luke Littler
18%
Ice Spice
17%
Emma Chamberlain
13%
Oscar Piastri
13%
Robert Irwin
12%
No matching quizzes found
Score Distribution
Percent of People with Each Score
Percentile by Number Answered
Your Score History
You have not taken this quiz